Animaux par noms latins - Statistiques

Statistiques générales
  • Ce quiz a été pris 190 fois
  • Le résultat moyen est 15 sur 25
Statistiques - réponses
Nom scientifique Nom vernaculaire % Correct
Canis lupus Loup
92%
Homo sapiens Humain
91%
Rattus norvegicus Surmulot / rat
89%
Bison bison bison Bison des plaines
88%
Felis sylvestris Chat sauvage
79%
Equus caballus Cheval
79%
Panthera leo Lion
79%
Falco peregrinus Faucon pèlerin
76%
Bos taurus Vache
75%
Varanus komodoensis Varan de Komodo
61%
Cyprinus carpio Carpe commune
60%
Salmo salar Saumon Atlantique
60%
Apis mellifera Abeille européenne
55%
Ovis aries Mouton
55%
Balanoeptera musculus Baleine bleue
52%
Capra hircus Linnaeus Chèvre domestique
50%
Mus musculus Souris grise
48%
Drosophilia melanogaster Drosophile
43%
Sus domesticus Cochon
41%
Loxodonta africana Elephant de savane d'afrique
39%
Musca domestica Mouche domestique
36%
Oryctolagus cuniculus Lapin de garenne
33%
Carcharodon carcharias Grand requin blanc
32%
Pan troglodytes Chimpanze
24%
Mytilus edulis Moule
17%
Aucun quiz correspondant
Distribution des résultats
% des personnes avec chaque résultat
Percentile par nombre de réponses
Votre historique - résultats
Vous n’avez pas pris ce quiz